| 000 | nam a22 a 4500 | ||
|---|---|---|---|
| 999 |
_c4714 _d4714 |
||
| 003 | AKMAL | ||
| 005 | 20170731155206.0 | ||
| 008 | 170731s2017 my | g l 00| 0 may d | ||
| 020 | _cRM24.00 | ||
| 082 | 0 | 4 |
_a342.595085 MAL _223 |
| 090 | 0 | 0 |
_a342.595085 _bMAL |
| 110 | 1 |
_aMalaysia _9400 |
|
| 245 | 1 | 0 |
_aAkta Suruhanjaya Hak Asasi Manusia Malaysia 1999 (Akta 597): _b(hingga Februari 2010) / _cDisusun oleh, Penasihat Undang-Undang MDC |
| 260 |
_aKuala Lumpur: _bMDC Publishers, _c2017. |
||
| 300 |
_a17ms. ; _c27cm. |
||
| 490 | 1 | _aUndang-undang Malaysia | |
| 650 | 1 | 0 |
_aCivil rights _zMalaysia _94358 |
| 650 | 2 | 0 |
_aHuman rights _zMalaysia _94357 |
| 830 | 0 |
_aUNDANG-UNDANG MALAYSIA _99036 |
|
| 942 |
_2ddc _cBOOK |
||
| 950 | _lAKMAL | ||